[Event "East Lansing (MI Op/3/33)"]
[Site "?"]
[Date "1995.??.??"]
[Round "?"]
[White "Lubben, Don"]
[Black "McCarter, Robert"]
[Result "1-0"]
[WhiteElo "1855"]
[BlackElo "1725"]
[PlyCount "35"]
[EventDate "1995.??.??"]

{3/(33)} 1. e4 c5 2. Nf3 d6 3. d4 cxd4 4. Nxd4 Nf6 5. Nc3 a6 6. Bc4 e6 7. O-O
Be7 8. Re1 Qc7 9. Bb3 Nbd7 10. Bxe6 Nc5 11. Bd5 O-O 12. Re3 Be6 13. Rg3 Rfe8
14. Bh6 g6 15. Nf5 Bf8 16. Qd4 Nh5 17. Bxf8 Rxf8 18. Nh6# 1-0

[Event "Troy (US Am N/2/3)"]
[Site "?"]
[Date "1995.??.??"]
[Round "?"]
[White "Lubben, Don"]
[Black "Kelo, R."]
[Result "1-0"]
[WhiteElo "1795"]
[BlackElo "2110"]
[PlyCount "133"]
[EventDate "1995.??.??"]

{2/(3)} 1. e4 c6 2. d4 d5 3. Nc3 g6 4. e5 Bg7 5. f4 h5 6. Nf3 Nh6 7. Bd3 Bf5 8.
Be3 Qb6 9. b3 Qa5 10. Qd2 Bxd3 11. Qxd3 e6 12. Bd2 Qd8 13. Na4 Nf5 14. Bb4 Nd7
15. Nc5 b6 16. Nb7 Qc8 17. Nd6+ Nxd6 18. Bxd6 Qb7 19. Ng5 Nf8 20. c4 Qd7 21. c5
Nh7 22. h4 Bf8 23. Qa6 Bxd6 24. exd6 f6 25. Nf3 Rb8 26. Qe2 Kf7 27. O-O Kg7 28.
Rae1 Rbe8 29. Rf2 Rhf8 30. Qd3 Rf7 31. Kh1 Nf8 32. Rfe2 Qc8 33. b4 Qb7 34. a3
Rd7 35. Nd2 Rf7 36. Nf1 Qd7 37. Ng3 f5 38. Nf1 Nh7 39. Nd2 Nf6 40. Nf3 Ng4 41.
Ng5 Rf6 42. Nf3 Rff8 43. Ne5 Nxe5 44. Rxe5 b5 45. Qg3 Rf6 46. Qb3 Rff8 47. Rb1
Qd8 48. g3 Qa8 49. Re2 a6 50. Re5 Rf6 51. Ra1 Rff8 52. Re2 Kf7 53. Rea2 Qb7 54.
a4 Ra8 55. Qd3 Rfd8 56. axb5 axb5 57. Ra5 Rxa5 58. Rxa5 Ra8 59. Qa3 Rxa5 60.
Qxa5 Ke8 61. Qb6 Qd7 62. Qb8+ Qd8 63. Qb7 Qd7 64. Qa8+ Kf7 65. Qh8 Qe8 66. Qh7+
Kf8 67. Qc7 1-0

[Event "East Lansing (MI Op/1b/8)"]
[Site "?"]
[Date "1995.??.??"]
[Round "?"]
[White "Lubben, Don"]
[Black "Kamberi, Sonny"]
[Result "0-1"]
[WhiteElo "1855"]
[BlackElo "2160"]
[PlyCount "93"]
[EventDate "1995.??.??"]

1. e4 e5 2. Nf3 Nc6 3. Bb5 a6 4. Bxc6 dxc6 5. d4 exd4 6. Qxd4 Qxd4 7. Nxd4 Bd7
8. Be3 Nf6 9. Nd2 O-O-O 10. h3 Bc5 11. O-O-O Rhe8 12. f3 Bxh3 13. N2b3 Bxd4 14.
Nxd4 Bxg2 15. Rhg1 c5 16. Rxg2 cxd4 17. Bxd4 Nh5 18. c3 g6 19. Rdd2 Nf4 20. Rh2
h5 21. Be3 Nd3+ 22. Kb1 Ne1 23. Rhf2 Rxd2 24. Bxd2 Nd3 25. Rf1 Ne5 26. Kc2 Nc4
27. Bf4 Rd8 28. b3 Na3+ 29. Kb2 Nb5 30. Kc2 f6 31. a4 Na7 32. Be3 Nc6 33. f4
Rg8 34. Rg1 Kd7 35. Kd3 Ke7 36. Ke2 Kf7 37. Kf3 Rd8 38. Ke2 Na5 39. b4 Nc4 40.
Bc1 Re8 41. Kd3 Nd6 42. Re1 f5 43. e5 Ne4 44. Re3 h4 45. Ke2 Rh8 46. Rh3 Ke6
47. c4 0-1

[Event "Eastpointe (MCO/5/26)"]
[Site "?"]
[Date "1995.??.??"]
[Round "?"]
[White "Lubben, Don"]
[Black "Iverson, B."]
[Result "1/2-1/2"]
[WhiteElo "1860"]
[BlackElo "1605"]
[PlyCount "97"]
[EventDate "1995.??.??"]

{5/(26)} 1. e4 e6 2. d4 c5 3. d5 d6 4. c4 e5 5. Nc3 Nf6 6. Bd3 Na6 7. a3 Nc7 8.
Bd2 Be7 9. Nf3 O-O 10. Qe2 Bd7 11. Nh4 Nfe8 12. Nf5 Bxf5 13. exf5 Bg5 14. O-O-O
a6 15. Ne4 Bxd2+ 16. Rxd2 Nf6 17. h4 Nxe4 18. Qxe4 b5 19. h5 f6 20. h6 Rf7 21.
g4 bxc4 22. Bxc4 Nb5 23. Bxb5 axb5 24. f4 exf4 25. hxg7 Rxg7 26. Qe6+ Kf8 27.
Rdh2 Raa7 28. Rh6 Rgf7 29. Qe4 Qb8 30. Qxf4 b4 31. axb4 cxb4 32. Qd4 Qc7+ 33.
Kd2 b3 34. Rc1 Qd8 35. g5 Rab7 36. g6 Rg7 37. Rc3 Kg8 38. gxh7+ Rxh7 39. Rg3+
Rbg7 40. Rxh7 Rxg3 41. Rh8+ Kxh8 42. Qh4+ Kg7 43. Qxg3+ Kf7 44. Qg6+ Kf8 45.
Kc3 Qa5+ 46. Kxb3 Qxd5+ 47. Ka3 Qa8+ 48. Kb3 Qb7+ 49. Kc2 {[Black played the
illegal 49...Qf2+; 1/2-1/2, 53?]} 1/2-1/2

[Event "Eastpointe (MCO/3/31)"]
[Site "?"]
[Date "1995.??.??"]
[Round "?"]
[White "Lubben, Don"]
[Black "Hartwig, Thomas"]
[Result "0-1"]
[WhiteElo "1860"]
[BlackElo "1605"]
[PlyCount "102"]
[EventDate "1995.??.??"]

{3/(31)} 1. e4 c5 2. Nf3 d6 3. Bb5+ Bd7 4. Qe2 Bxb5 5. Qxb5+ Qd7 6. Nc3 Nc6 7.
O-O Nf6 8. Re1 e6 9. a3 Be7 10. b4 Nd4 11. Qd3 Nxf3+ 12. Qxf3 O-O 13. bxc5 dxc5
14. d3 Qc6 15. Bg5 Rfe8 16. a4 h6 17. Be3 Red8 18. Qg3 Kh8 19. Rab1 Rab8 20.
Nb5 a6 21. Nc3 Bd6 22. f4 Bc7 23. Rf1 Ba5 24. Ne2 Qxa4 25. Rb3 Qc6 26. Qh4 c4
27. dxc4 Qxe4 28. Ng3 Qxc2 29. Rbb1 Qxc4 30. Rbc1 Qb3 31. Bf2 Bb6 32. Bxb6
Qxb6+ 33. Kh1 Rbc8 34. Rb1 Qc7 35. f5 e5 36. Nh5 Qc4 37. Qxc4 Rxc4 38. Nxf6
gxf6 39. Rxb7 Rf4 40. Kg1 Rxf1+ 41. Kxf1 Kg7 42. Ra7 Rd1+ 43. Kf2 Ra1 44. Kf3
a5 45. Ke3 Ra2 46. Kf3 a4 47. Kg3 a3 48. h3 Ra1 49. Kf3 a2 50. Kf2 e4 51. Ke2
Rg1 0-1

[Event "Troy (US Am N/5/4)"]
[Site "?"]
[Date "1995.??.??"]
[Round "?"]
[White "Lubben, Don"]
[Black "Geisleman, Dennis"]
[Result "0-1"]
[WhiteElo "1795"]
[BlackElo "2080"]
[PlyCount "76"]
[EventDate "1995.??.??"]

{5/(4)} 1. e4 e5 2. Nf3 d5 3. exd5 e4 4. Qe2 Be7 5. Qxe4 Nf6 6. Qa4+ Nbd7 7. c4
O-O 8. d4 Re8 9. Nc3 b5 10. Qxb5 Rb8 11. Qa4 Bb4+ 12. Be2 Qe7 13. Qc2 Ba6 14.
Be3 Ng4 15. Ng5 Bxc3+ 16. bxc3 Nf8 17. Bxg4 Qxg5 18. Bf3 Bxc4 19. Kd2 Qd8 20.
Rab1 Rxb1 21. Rxb1 Bxd5 22. Bxd5 Qxd5 23. g3 Nd7 24. Qb3 Qd6 25. Ke2 Qa6+ 26.
c4 h6 27. Qb5 Qe6 28. Rc1 Rb8 29. Qa4 Qh3 30. Qc2 Qxh2 31. Rb1 Qh5+ 32. Kd2 Rd8
33. Ke1 Nf6 34. Rb5 Qh1+ 35. Kd2 c5 36. Qf5 cxd4 37. Rd5 dxe3+ 38. Kxe3 Nxd5+
0-1

[Event "Grand Rapids (MI Am/4/12)"]
[Site "?"]
[Date "1995.??.??"]
[Round "?"]
[White "Lubben, Don"]
[Black "Brinks, K."]
[Result "1-0"]
[WhiteElo "1830"]
[BlackElo "1605"]
[PlyCount "153"]
[EventDate "1995.??.??"]

{4/(12)} 1. e4 c6 2. d4 d5 3. Nc3 dxe4 4. Nxe4 Nd7 5. Nf3 Ngf6 6. Bd3 e6 7. O-O
Nxe4 8. Bxe4 Nf6 9. Bd3 Bd6 10. c4 O-O 11. Qc2 h6 12. Bd2 c5 13. Bc3 b6 14.
Rad1 Qe7 15. Rfe1 cxd4 16. Bxd4 Bc5 17. Re2 Bb7 18. Bxc5 Qxc5 19. Red2 Bxf3 20.
gxf3 Qc7 21. Be4 Nxe4 22. fxe4 Rfd8 23. Rd3 Rxd3 24. Qxd3 Rc8 25. b3 g6 26. Qd2
g5 27. h4 f6 28. hxg5 hxg5 29. Kg2 Rf8 30. Qd3 Rf7 31. Qh3 e5 32. Rh1 Kf8 33.
Qe6 Qd7 34. Qd5 Kg7 35. Kg3 Kg6 36. Qa8 Rh7 37. Qg8+ Rg7 38. Qh8 Qd3+ 39. f3
Kf7 40. Rh7 Rxh7 41. Qxh7+ Ke8 42. Qxa7 Qe3 43. Qa8+ Ke7 44. Qb7+ Kd8 45. Qd5+
Ke7 46. Qd1 g4 47. Kxg4 Qf4+ 48. Kh3 Qh6+ 49. Kg2 Qg5+ 50. Kf2 Qh4+ 51. Ke3
Qf4+ 52. Kd3 f5 53. Qe2 fxe4+ 54. Qxe4 Qg3 55. Kc3 Kf6 56. Kb4 Qf2 57. Qc6+ Kf5
58. Kb5 Qxa2 59. Kxb6 Qxb3+ 60. Kc7 Qa3 61. c5 Qa7+ 62. Kc8 Qa2 63. Qd7+ Kf4
64. Qg4+ Ke3 65. Qe4+ Kf2 66. Qxe5 Qg8+ 67. Kb7 Kxf3 68. c6 Qb3+ 69. Kc7 Qf7+
70. Kb6 Qb3+ 71. Qb5 Qe6 72. Kb7 Qe4 73. Qb6 Kf4 74. Kb8 Qe8+ 75. Ka7 Qf7+ 76.
c7 Qa2+ 77. Kb8 1-0

[Event "Eastpointe (MCO/2/20)"]
[Site "?"]
[Date "1995.??.??"]
[Round "?"]
[White "Lou, M."]
[Black "Marson, Michael"]
[Result "1-0"]
[WhiteElo "2255"]
[BlackElo "1605"]
[PlyCount "55"]
[EventDate "1995.??.??"]

{2/(20)} 1. d4 e6 2. c4 Nf6 3. Nf3 Bb4+ 4. Bd2 Bxd2+ 5. Qxd2 O-O 6. Nc3 d5 7.
e3 c6 8. Bd3 dxc4 9. Bxc4 Nbd7 10. O-O Nd5 11. Bd3 N7f6 12. e4 Nb4 13. Bb1 c5
14. e5 cxd4 15. Nxd4 Nfd5 16. Rd1 a6 17. a3 Nc6 18. Qc2 g6 19. Nxc6 bxc6 20.
Ne4 Qc7 21. Nd6 Bb7 22. Qc5 Rfd8 23. Be4 Rd7 24. Rac1 Rad8 25. Bxd5 Rxd6 26.
exd6 Qxd6 27. Qxd6 Rxd6 28. Bf3 1-0

[Event "Eastpointe (MCO/4/2)"]
[Site "?"]
[Date "1995.??.??"]
[Round "?"]
[White "Lou, M."]
[Black "Drkulec, Vladimir"]
[Result "1/2-1/2"]
[WhiteElo "2255"]
[BlackElo "2140"]
[PlyCount "78"]
[EventDate "1995.??.??"]

{4/(2)} 1. d4 Nf6 2. c4 c5 3. d5 b5 4. cxb5 a6 5. Nc3 axb5 6. e4 b4 7. Nb5 d6
8. Bc4 Nbd7 9. Nf3 Nb6 10. Bd3 g6 11. b3 Bg7 12. Bb2 O-O 13. O-O Bd7 14. Qe2
Ra5 15. a4 bxa3 16. Bc3 Ra8 17. Nxa3 Qb8 18. Nc4 Rxa1 19. Rxa1 Nxc4 20. Bxc4
Bg4 21. h3 Bxf3 22. Qxf3 Nd7 23. Bxg7 Kxg7 24. Qc3+ Kg8 25. Ra5 f5 26. Bb5 Nf6
27. exf5 Ne4 28. Qe1 gxf5 29. f3 Nf6 30. Qxe7 Rf7 31. Qe6 c4 32. Kh2 cxb3 33.
Bd3 b2 34. Ra4 h5 35. Bb1 Nd7 36. Rf4 Nf8 37. Qh6 Qe8 38. Qg5+ Rg7 39. Qxf5
Rxg2+ 1/2-1/2

[Event "Eastpointe (MCO/6/33)"]
[Site "?"]
[Date "1995.??.??"]
[Round "?"]
[White "Lombardo, L."]
[Black "Young, L."]
[Result "0-1"]
[WhiteElo "1605"]
[BlackElo "1605"]
[PlyCount "62"]
[EventDate "1995.??.??"]

{6/(33)} 1. e4 c6 2. d4 d5 3. exd5 cxd5 4. Nc3 Nf6 5. g3 e6 6. Bg2 Be7 7. Nf3
O-O 8. O-O Bd7 9. Re1 Re8 10. Ne5 Nc6 11. Nxc6 Bxc6 12. Bg5 Qb6 13. b3 a6 14.
Be3 Rad8 15. Na4 Qc7 16. c4 dxc4 17. bxc4 Bxg2 18. Kxg2 Qc6+ 19. Kg1 Qxc4 20.
Re2 Ng4 21. Rb1 b6 22. Rc1 Qb5 23. Rc7 Qh5 24. h4 Bxh4 25. Qd3 Bg5 26. Kg2 Qh2+
27. Kf3 f5 28. Rc1 e5 29. Qxf5 Rf8 30. Qxf8+ Rxf8+ 31. Kxg4 g6 0-1

[Event "Eastpointe (MCO/2/36)"]
[Site "?"]
[Date "1995.??.??"]
[Round "?"]
[White "Lombardo, L."]
[Black "Wright, Ken"]
[Result "0-1"]
[WhiteElo "1605"]
[BlackElo "1605"]
[PlyCount "72"]
[EventDate "1995.??.??"]

{2/(36)} 1. e4 e5 2. Nf3 Nc6 3. Bc4 Nf6 4. Nc3 Bc5 5. O-O a6 6. d3 O-O 7. Bg5
h6 8. Bh4 Be7 9. d4 exd4 10. Nxd4 Ne5 11. Bb3 Ng6 12. Bg3 d6 13. Re1 Bg4 14.
Nf3 Nh5 15. Nd5 Nxg3 16. hxg3 Ne5 17. Nxe5 Bxd1 18. Raxd1 Bf6 19. Nxf6+ gxf6
20. Ng4 Kg7 21. f4 Qd7 22. Nf2 Rfe8 23. Bd5 c6 24. Bb3 Qc7 25. Rd4 Re7 26. Red1
Rd8 27. Ng4 c5 28. Rc4 b5 29. Rc3 Qb6 30. a4 c4+ 31. Re3 cxb3 32. cxb3 Rxe4 33.
Rde1 Rde8 34. Kf2 h5 35. Nh2 Rxe3 36. Rxe3 Qxe3+ 0-1

[Event "Eastpointe (MCO/5/36)"]
[Site "?"]
[Date "1995.??.??"]
[Round "?"]
[White "Lombardo, L."]
[Black "Rucker, Ed"]
[Result "1-0"]
[WhiteElo "1605"]
[BlackElo "1605"]
[PlyCount "72"]
[EventDate "1995.??.??"]

{5/(36)} 1. e4 e5 2. Nf3 Nc6 3. Bc4 Bc5 4. O-O Nf6 5. Nc3 O-O 6. d3 d6 7. Bg5
Bg4 8. Bxf6 Qxf6 9. Nd5 Qd8 10. c3 Ne7 11. h3 Be6 12. Nxe7+ Qxe7 13. Qb3 c6 14.
Bxe6 fxe6 15. d4 exd4 16. cxd4 Bb6 17. d5 Rae8 18. Rfe1 Kh8 19. Rac1 c5 20. e5
Ba5 21. exd6 Qxd6 22. Rxe6 Rxe6 23. dxe6 Bb6 24. Re1 Re8 25. Ng5 Qe7 26. Qd5 h6
27. Nf3 Rd8 28. Qf5 Rf8 29. Qg4 Bc7 30. Nh4 Qd6 31. f3 Re8 32. Nf5 Qf8 33. e7
Qf6 34. Qh5 Qc6 35. Qf7 Rg8 36. e8=Q Rxe8 1-0

[Event "East Lansing (MI Op/6/22)"]
[Site "?"]
[Date "1995.??.??"]
[Round "?"]
[White "Linn, Peter"]
[Black "Wisckol, Richard"]
[Result "1/2-1/2"]
[WhiteElo "2130"]
[BlackElo "1895"]
[PlyCount "70"]
[EventDate "1995.??.??"]

{6/(22)} 1. e4 c5 2. Nc3 Nc6 3. f4 g6 4. Nf3 Bg7 5. Bc4 e6 6. f5 Nge7 7. fxe6
dxe6 8. O-O a6 9. a4 O-O 10. d3 Ne5 11. Nxe5 Bxe5 12. Bh6 Bg7 13. Bxg7 Kxg7 14.
Kh1 Nc6 15. Qe1 Ne5 16. Qg3 Nxc4 17. dxc4 f6 18. e5 f5 19. Rad1 Qe7 20. Rd6 Bd7
21. Ne2 Bxa4 22. Nf4 Rfe8 23. b3 Bc6 24. Rfd1 Kf7 25. Nxe6 Qxe6 26. Rxe6 Rxe6
27. Rd6 Rae8 28. Rxe6 Kxe6 29. h4 Rd8 30. Qe3 Rd4 31. Kg1 Re4 32. Qxc5 Rxe5 33.
Qf8 Re4 34. Qg8+ Kf6 35. Qf8+ Ke6 1/2-1/2

[Event "East Lansing (MI Op/4/19)"]
[Site "?"]
[Date "1995.??.??"]
[Round "?"]
[White "Linn, Peter"]
[Black "Sheridan, Gregory"]
[Result "0-1"]
[WhiteElo "2130"]
[BlackElo "1875"]
[PlyCount "70"]
[EventDate "1995.??.??"]

{4/(19)} 1. c4 e6 2. Nf3 Nf6 3. g3 d5 4. b3 b6 5. Bb2 Bb7 6. Bg2 Be7 7. O-O O-O
8. e3 dxc4 9. bxc4 c5 10. Nc3 Nc6 11. Qe2 a6 12. Rfd1 Qc7 13. d4 cxd4 14. exd4
Na5 15. c5 bxc5 16. dxc5 Qxc5 17. Rac1 Qh5 18. h3 Rad8 19. g4 Rxd1+ 20. Rxd1
Bxf3 21. Qxf3 Qc5 22. Rc1 Qb4 23. Ba1 Rc8 24. Rd1 h6 25. Bf1 Nc4 26. Ne4 Nxe4
27. Qxe4 Nd2 28. Qe2 Nxf1 29. Qxf1 Qa3 30. Qe2 Qxh3 31. Bb2 h5 32. gxh5 Rc5 33.
Rd3 Rg5+ 34. Rg3 Rxg3+ 35. fxg3 Bc5+ 0-1

[Event "East Lansing (MI Op/2/21)"]
[Site "?"]
[Date "1995.??.??"]
[Round "?"]
[White "Linn, Peter"]
[Black "Kung, Fred"]
[Result "1-0"]
[WhiteElo "2150"]
[BlackElo "1875"]
[PlyCount "57"]
[EventDate "1995.??.??"]

{2/(21)} 1. c4 e6 2. Nf3 d5 3. d4 c5 4. Nc3 Nc6 5. cxd5 exd5 6. g3 Nf6 7. Bg2
Be7 8. O-O O-O 9. Bg5 cxd4 10. Nxd4 h6 11. Be3 Re8 12. Rc1 Bf8 13. Na4 Nxd4 14.
Bxd4 Ne4 15. Nc3 Nxc3 16. Bxc3 Be6 17. Qd4 Qd7 18. e3 b6 19. Rfd1 Rad8 20. Rd2
Qc6 21. Rcd1 Rd7 22. a4 a5 23. Bf1 Qb7 24. Bb5 Red8 25. Bxd7 Rxd7 26. b4 Qa7
27. bxa5 bxa5 28. Qxa7 Rxa7 29. Rb2 1-0

[Event "East Lansing (MI Op/7/21)"]
[Site "?"]
[Date "1995.??.??"]
[Round "?"]
[White "Linn, Peter"]
[Black "Davis, Michael"]
[Result "1/2-1/2"]
[WhiteElo "2130"]
[BlackElo "1665"]
[PlyCount "81"]
[EventDate "1995.??.??"]

{7/(21)} 1. d4 Nf6 2. Nc3 d5 3. e4 Nxe4 4. Nxe4 dxe4 5. Bc4 Bf5 6. c3 e6 7. g4
Bg6 8. Be3 c6 9. Qb3 Qc7 10. h4 h5 11. Bxe6 Be7 12. Bf5 Bxf5 13. gxf5 Nd7 14.
O-O-O Nf6 15. Ne2 a5 16. Rdg1 Ng4 17. Qc2 O-O-O 18. Qxe4 Rde8 19. Qc2 Bf6 20.
Rh3 Re7 21. Nf4 Ree8 22. Nd3 Qe7 23. Rgh1 Rhg8 24. Nf4 Rh8 25. a3 Qd8 26. Kb1
Qb6 27. Ka1 Kb8 28. Nd3 Ka8 29. Nc5 Qc7 30. Qb3 b6 31. Nd3 Nxe3 32. fxe3 Re4
33. Nf2 Rxh4 34. Rxh4 Bxh4 35. Rxh4 Qg3 36. Rf4 Qxe3 37. Re4 Qxf2 38. Qxb6 Qf1+
39. Ka2 Qc4+ 40. Ka1 Qf1+ 41. Ka2 1/2-1/2

[Event "Jackson (Prison m)"]
[Site "?"]
[Date "1995.??.??"]
[Round "?"]
[White "Lindsey, P."]
[Black "Edmontson"]
[Result "1-0"]
[WhiteElo "1605"]
[BlackElo "1605"]
[PlyCount "61"]
[EventDate "1995.??.??"]

1. c4 c5 2. Nf3 Nc6 3. d4 e6 4. e4 g6 5. e5 Nge7 6. Bg5 Qb6 7. d5 Nd4 8. b3 Bg7
9. d6 Nef5 10. Bf6 Bxf6 11. exf6 Qxd6 12. Nbd2 O-O 13. h4 Re8 14. Rh3 Qf8 15.
Ne4 d5 16. Neg5 e5 17. h5 Ne6 18. Nxh7 Qh6 19. hxg6 Qxg6 20. Nxe5 Nf4 21. Kd2
Rxe5 22. Nf8 Nxh3 23. Nxg6 Nxf2 24. Qh5 fxg6 25. Qxg6+ Kf8 26. Bd3 Nxd3 27.
Kxd3 Be6 28. Rh1 Bg8 29. Rh8 Re3+ 30. Kd2 Rg3 31. Rxg8# 1-0

[Event "Ann Arbor (HVA/4/8)"]
[Site "?"]
[Date "1995.??.??"]
[Round "?"]
[White "Lindsey, P."]
[Black "Aldrich, Justin"]
[Result "0-1"]
[WhiteElo "1605"]
[BlackElo "1605"]
[PlyCount "70"]
[EventDate "1995.??.??"]

{4/(8)} 1. d4 d5 2. e4 dxe4 3. Nc3 Nf6 4. f3 exf3 5. Nxf3 Bg4 6. h3 Bxf3 7.
Qxf3 Nc6 8. Bb5 Qd7 9. d5 Rd8 10. dxc6 Qe6+ 11. Qe3 Qxe3+ 12. Bxe3 b6 13. Bf4
Nd5 14. Nxd5 Rxd5 15. c4 Rd4 16. Bxc7 Re4+ 17. Kf2 e5 18. Kf3 Rf4+ 19. Kg3 Bc5
20. Bxe5 Rf5 21. c7+ Ke7 22. Bf4 g5 23. Rae1+ Kf6 24. Be5+ Rxe5 25. Rhf1+ Kg6
26. Rd1 Rc8 27. Rd8 Rxc7 28. Rg8+ Kh6 29. Rf6+ Kh5 30. Rh8 Re3+ 31. Kh2 g4 32.
Rxh7+ Kg5 33. Rf1 g3+ 34. Kh1 Rce7 35. Rhxf7 Rxf7 0-1

[Event "Eastpointe (MCO/1/33)"]
[Site "?"]
[Date "1995.??.??"]
[Round "?"]
[White "Libby, Dan"]
[Black "Tiwari, P."]
[Result "1-0"]
[WhiteElo "1740"]
[BlackElo "1605"]
[PlyCount "41"]
[EventDate "1995.??.??"]

{1/(33)} 1. c4 e5 2. Nc3 Nf6 3. d3 Bb4 4. a3 Bxc3+ 5. bxc3 c5 6. g3 Qb6 7. Bg2
O-O 8. Nf3 d6 9. O-O e4 10. Ng5 exd3 11. exd3 h6 12. Ne4 Nxe4 13. Bxe4 f5 14.
Bd5+ Kh8 15. Qh5 Rf6 16. Bg5 Qd8 17. Bxf6 Qxf6 18. Qe8+ Kh7 19. Bg8+ Kh8 20.
Bf7+ Kh7 21. Qg8# 1-0

[Event "Eastpointe (MCO/6/13)"]
[Site "?"]
[Date "1995.??.??"]
[Round "?"]
[White "Libby, Dan"]
[Black "Peiter, H."]
[Result "1/2-1/2"]
[WhiteElo "1740"]
[BlackElo "1900"]
[PlyCount "53"]
[EventDate "1995.??.??"]

{6/(13)} 1. c4 e5 2. Nc3 Bc5 3. g3 f5 4. d3 Nf6 5. Bg2 O-O 6. Nf3 d6 7. O-O Be6
8. Ng5 Bc8 9. Nd5 c6 10. Nxf6+ Qxf6 11. Rb1 a5 12. a3 f4 13. Ne4 Qe7 14. Nxc5
dxc5 15. e3 fxg3 16. fxg3 Rxf1+ 17. Qxf1 Be6 18. a4 Nd7 19. Bd2 Nf6 20. Bc3 Ng4
21. Qe2 Qg5 22. h3 Nf6 23. Kh2 Nh5 24. g4 Nf6 25. Rg1 Rf8 26. Bh1 Qh4 27. Bf3
1/2-1/2

[Event "Eastpointe (MCO/2/15)"]
[Site "?"]
[Date "1995.??.??"]
[Round "?"]
[White "Libby, Dan"]
[Black "Moody, David"]
[Result "1-0"]
[WhiteElo "1740"]
[BlackElo "2000"]
[PlyCount "61"]
[EventDate "1995.??.??"]

{2/(15)} 1. c4 e5 2. Nc3 Nc6 3. d3 g6 4. g3 Bg7 5. Bg2 Nge7 6. Bg5 h6 7. Bd2
O-O 8. Qc1 Nf5 9. e3 Nb4 10. Qb1 a5 11. a3 Nc6 12. Nge2 d6 13. O-O h5 14. Nd5
h4 15. b4 axb4 16. axb4 Rxa1 17. Qxa1 h3 18. Bh1 Qg5 19. Qc1 Qd8 20. b5 Nce7
21. Nxe7+ Nxe7 22. e4 Be6 23. Bh6 Bxh6 24. Qxh6 Qa8 25. Qe3 Qa2 26. Bf3 Ra8 27.
Kh1 Ra3 28. Ng1 Bxc4 29. Be2 Be6 30. Qg5 Qxe2 31. Nxe2 1-0

[Event "Troy (US Am N/3/9)"]
[Site "?"]
[Date "1995.??.??"]
[Round "?"]
[White "Libby, Dan"]
[Black "Golonka, Stan"]
[Result "0-1"]
[WhiteElo "1695"]
[BlackElo "1965"]
[PlyCount "92"]
[EventDate "1995.??.??"]

{3/(9)} 1. c4 c5 2. Nc3 Nc6 3. Nf3 g6 4. g3 Bg7 5. Bg2 e5 6. e4 Nge7 7. d3 O-O
8. h4 d6 9. Nh2 Nd4 10. Ne2 Nec6 11. Bf3 Qa5+ 12. Bd2 Qb6 13. Bc3 Ne6 14. b3 f5
15. exf5 gxf5 16. Qd2 Bd7 17. O-O Rae8 18. Rae1 Qd8 19. Bd5 Kh8 20. Bxe6 Rxe6
21. f4 Bh6 22. Nf3 Nd4 23. Nexd4 cxd4 24. Bb2 b6 25. Qf2 Bg7 26. Ng5 Ree8 27.
Qf3 Qf6 28. Qg2 h6 29. Nh3 Qg6 30. Bc1 Bf6 31. Kh2 Rg8 32. Rg1 e4 33. Nf2 Bc6
34. Qh3 e3 35. Nd1 Bf3 36. a4 Qh5 37. Ba3 Bg4 38. Qg2 Bxh4 39. Rh1 Bf3 40. Qh3
Bxg3+ 41. Kg1 Bxe1+ 42. Kf1 Qxh3+ 43. Rxh3 Bg2+ 44. Kxe1 Bxh3 45. Bxd6 Rg1+ 46.
Ke2 Bg4# 0-1

[Event "Troy (US Am N/2/13)"]
[Site "?"]
[Date "1995.??.??"]
[Round "?"]
[White "Libby, Dan"]
[Black "Ball, Ed"]
[Result "1-0"]
[WhiteElo "1695"]
[BlackElo "1960"]
[PlyCount "139"]
[EventDate "1995.??.??"]

{2/(13)} 1. c4 e6 2. Nf3 Nf6 3. g3 d5 4. Bg2 c6 5. b3 Nbd7 6. Bb2 Bd6 7. O-O
O-O 8. e4 Nxe4 9. d3 Nef6 10. Nbd2 Re8 11. d4 dxc4 12. Nxc4 Bc7 13. Nfe5 Nxe5
14. Nxe5 Nd5 15. Be4 f5 16. Bg2 Qf6 17. Rc1 Bxe5 18. dxe5 Qe7 19. Bxd5 exd5 20.
f4 Be6 21. Bd4 Qd7 22. Bc5 b6 23. Bd6 c5 24. b4 cxb4 25. Rc7 Qd8 26. Qd4 Rc8
27. Rfc1 Rxc7 28. Rxc7 Qa8 29. Qxb4 Rc8 30. Qa4 Rxc7 31. Bxc7 Qf8 32. Bd6 Qf7
33. Qc6 Qd7 34. Qa8+ Kf7 35. Bb8 d4 36. Qxa7 d3 37. Qxd7+ Bxd7 38. Kf2 Bb5 39.
Ke3 Bc4 40. a3 Kg6 41. Ba7 b5 42. Bc5 Kh5 43. Bb4 Kg4 44. Kd4 Bb3 45. Kxd3 Kh3
46. Kd4 Kxh2 47. Be1 Kg2 48. Kc5 Kf1 49. Bd2 Kf2 50. Kxb5 Kxg3 51. a4 g5 52. a5
gxf4 53. a6 f3 54. Be3 f4 55. Bd4 f2 56. Bxf2+ Kxf2 57. Kc5 Bc2 58. a7 Be4 59.
e6 f3 60. e7 Kg1 61. e8=Q f2 62. Qxe4 f1=Q 63. Qg4+ Kh2 64. Qh4+ Qh3 65. Qxh3+
Kxh3 66. a8=Q h5 67. Qh1+ Kg4 68. Kd4 h4 69. Qg2+ Kf4 70. Qh3 1-0

[Event "Troy (US Am N/6/14)"]
[Site "?"]
[Date "1995.??.??"]
[Round "?"]
[White "Libby, Dan"]
[Black "Aldrich, Jeff"]
[Result "1-0"]
[WhiteElo "1695"]
[BlackElo "1900"]
[PlyCount "120"]
[EventDate "1995.??.??"]

{6/(14)} 1. c4 c6 2. g3 d5 3. b3 dxc4 4. bxc4 Bf5 5. Bg2 Qd4 6. Nc3 Qxc4 7. Nf3
e6 8. O-O Nf6 9. Bb2 Nbd7 10. d3 Qa6 11. a4 Rd8 12. Nh4 Bg6 13. Nxg6 hxg6 14.
Qc2 Bc5 15. Ne4 Nxe4 16. Bxe4 Rh7 17. d4 Bf8 18. Bxg6 Rh6 19. Be4 Qa5 20. e3
Qh5 21. f4 Nf6 22. Bf3 Ng4 23. Bxg4 Qxg4 24. Qd1 Qh3 25. Rf2 Be7 26. Qb3 Rd7
27. Rc1 Qf5 28. Ba3 Qd5 29. Qxd5 exd5 30. Bxe7 Rxe7 31. Rc3 Rhe6 32. Rf3 b5 33.
a5 Kd8 34. Kf2 Kc7 35. Ke2 Kb7 36. Rf1 Ka6 37. Ra1 Rb7 38. f5 Rf6 39. g4 b4 40.
Rb3 Rh6 41. Ra4 Rxh2+ 42. Kf3 Rb5 43. Kf4 Rxa5 44. Rbxb4 Ra2 45. Rxa5+ Rxa5 46.
Rb8 Rb5 47. Rg8 Rb7 48. Rxg7 Kb5 49. g5 a5 50. g6 a4 51. Rxf7 Rb8 52. g7 Rg8
53. f6 a3 54. Ra7 Kb4 55. Kf5 Kb3 56. Kg6 Re8 57. Kf7 Rxe3 58. g8=Q a2 59. Qb8+
Kc4 60. Ra4+ Kd3 1-0

[Event "East Lansing (MI Op/4/30)"]
[Site "?"]
[Date "1995.??.??"]
[Round "?"]
[White "Lehotzky, Attila"]
[Black "Zacks, Naum"]
[Result "1/2-1/2"]
[WhiteElo "1930"]
[BlackElo "1855"]
[PlyCount "123"]
[EventDate "1995.??.??"]

{4/(30)} 1. d4 d6 2. e4 g6 3. f4 Nf6 4. Bd3 Bg7 5. Nf3 O-O 6. O-O c6 7. c3 Qa5
8. Qc2 Qh5 9. Re1 Bg4 10. Nbd2 Na6 11. Be2 Qa5 12. Nf1 d5 13. Ng3 dxe4 14. Nxe4
Bf5 15. Nxf6+ Bxf6 16. Bd3 Bxd3 17. Qxd3 c5 18. f5 Rfd8 19. fxg6 hxg6 20. Bg5
cxd4 21. Bxf6 exf6 22. Nxd4 Re8 23. Qf3 Qb6 24. Qf2 Re5 25. Nf3 Qxf2+ 26. Kxf2
Rb5 27. b3 Rd8 28. Re2 Nc5 29. Kf1 f5 30. c4 Rb6 31. Ng5 Kg7 32. Rae1 Kf6 33.
h4 Rh8 34. g3 Ne6 35. Nf3 Rd6 36. Re5 Rhd8 37. Kf2 g5 38. hxg5+ Nxg5 39. Nxg5
Kxg5 40. Kf3 Rd3+ 41. R1e3 f6 42. Re7 Rd2 43. Re2 R2d3+ 44. Kf2 R8d7 45. R2e3
Rd1 46. Rxd7 Rxd7 47. a3 Kg4 48. Re8 Rd3 49. Rg8+ Kh5 50. b4 Rxa3 51. Rg7 b6
52. c5 bxc5 53. bxc5 a5 54. Ra7 a4 55. c6 Rc3 56. Rxa4 Rxc6 57. Kf3 Kg5 58. Rf4
Rc1 59. Kf2 Rc3 60. Rb4 Kg6 61. Rf4 Kg5 62. Rb4 1/2-1/2

[Event "East Lansing (MI Op/1a/4)"]
[Site "?"]
[Date "1995.??.??"]
[Round "?"]
[White "Lehotzky, Attila"]
[Black "Finegold, Ron"]
[Result "0-1"]
[WhiteElo "1930"]
[BlackElo "2230"]
[PlyCount "133"]
[EventDate "1995.??.??"]

1. Nf3 c5 2. d3 d5 3. c4 Nf6 4. cxd5 Nxd5 5. g3 Nc6 6. Bg2 g6 7. Qb3 Bg7 8. Bd2
O-O 9. Nc3 Nb6 10. Ne4 Be6 11. Qc2 Rc8 12. Nc3 c4 13. dxc4 Bf5 14. e4 Nb4 15.
Qb1 Nd3+ 16. Ke2 Be6 17. b3 Nxc4 18. Qxd3 Nxd2 19. Qxd2 Rxc3 20. Qxd8 Rxd8 21.
Rac1 Rdc8 22. Rxc3 Rxc3 23. Rd1 Bh6 24. Ne1 Rc8 25. f4 b6 26. Bf3 a5 27. Rd2
Kf8 28. Kd1 Ke8 29. Rc2 Rd8+ 30. Ke2 Rb8 31. Nd3 Bg7 32. e5 Bf5 33. g4 Bd7 34.
Bc6 Kd8 35. Bxd7 Kxd7 36. Ke3 f6 37. Ke4 Ra8 38. a4 Rb8 39. h4 Rf8 40. Kd5 e6+
41. Ke4 f5+ 42. gxf5 Rxf5 43. Kf3 Bf8 44. Kg4 Be7 45. Ne1 h5+ 46. Kf3 Bxh4 47.
Rd2+ Kc7 48. Ng2 Be7 49. Rc2+ Kb7 50. Rd2 Kc7 51. Rc2+ Kd7 52. Rd2+ Ke8 53. Ne3
Rf8 54. Nc4 g5 55. Rd4 Bc5 56. Re4 Ke7 57. Kg3 g4 58. Re2 Rd8 59. Rd2 Rxd2 60.
Nxd2 Bb4 61. Nc4 Be1+ 62. Kg2 h4 63. Nxb6 Bd2 64. Nc4 h3+ 65. Kg3 Bxf4+ 66. Kf2
g3+ 67. Kg1 0-1